| 000 | 00829nam a22002657a 4500 | ||
|---|---|---|---|
| 999 |
_c12843 _d12843 |
||
| 003 | AR-CdUCM | ||
| 008 | 190410b ||||| |||| 00| 0 spa d | ||
| 020 | _a84-8280-127-9 | ||
| 040 |
_aMUNICIPALIDAD PROVINCIAL DEL CUSCO _cBIBLIOTECA MUNICIPAL DEL CUSCO |
||
| 082 |
_aES /373.808 / _bC539 |
||
| 100 |
_aChejov, Antón _930255 |
||
| 245 | _aLa dama del perrito y otros cuentos / | ||
| 260 |
_aBogota : _bLa Oveja Negra, _bAlianza editorial, _c1984. |
||
| 300 |
_a238 paginas ; _bIlustraciones, Graficos, Dibujos, _c19 cm. |
||
| 500 | _aLiteratura | ||
| 650 |
_aLiteratura _983 |
||
| 650 |
_aHistoria _9136 |
||
| 650 |
_aCuentos _9312 |
||
| 650 |
_aLatinoamerica _94398 |
||
| 650 |
_aAntologia _9142 |
||
| 700 |
_aPodgursky, E. _930926 |
||
| 700 |
_aAguilar, A _930927 |
||
| 942 |
_2ddc _cLIBROS |
||
| 945 |
_apjha _d2019-04-10 |
||